Estudios filosóficos sobre el cristianismo

-д хадгалсан:
Номзүйн дэлгэрэнгүй
Үндсэн зохиолч: Nicolas, Auguste Nicolas, Augusto (autor)
Формат: Ном
Хэл сонгох:испани
Хэвлэсэн: Madrid La Publicidad 1854
Хэвлэл:2a. ed
Нөхцлүүд:
Онлайн хандалт:portada
Шошгууд: Шошго нэмэх
Шошго байхгүй, Энэхүү баримтыг шошголох эхний хүн болох!

MARC

LEADER 00000nam a2200000 a 4500
001 UCJ8746
003 CL-VaPUC
008 070124e18540000SP |||||||||||||||||spa|d
082 0 4 |a 201  |b NIC  |2 21 
100 |a Nicolas, Auguste  |e autor  |q Nicolas, Augusto  |9 517826 
245 1 0 |a Estudios filosóficos sobre el cristianismo 
250 |a 2a. ed 
300 |a 3 v 
942 |c BK 
945 |d 20070124 00:00:00  |a fvergara 
260 |a Madrid  |b La Publicidad  |c 1854 
500 |a En biblioteca, sólo el v. 3 
650 0 |a Religión   |9 255164 
650 7 |a CULTO  |2 CL-VaPUC  |9 314205 
650 0 |a Cristianismo  |9 257361 
650 0 |a Moral  |9 265913 
650 0 |a Jesucristo  |9 503749 
650 0 |a Catolicismo  |9 258690 
650 7 |a CONFESION  |2 CL-VaPUC  |9 314483 
650 0 |a Eucaristía  |9 257336 
650 0 |a Evangelios  |9 314864 
650 0 |a Profetas  |9 314377 
650 7 |a MILAGROS  |2 CL-VaPUC  |9 334044 
650 0 |a Cristianismo primitivo  |9 439779 
856 7 |f UCJ8746_01.jpg  |u http://opac.pucv.cl/pucv_img/Img-8500/UCJ8746_01.jpg  |q JEPG  |2 file  |z portada 
583 |a last modification  |c 20070124 00:00:00  |k Rodrigo Vera 
999 |c 324399  |d 324397 
952 |0 0  |1 0  |4 0  |6 201_000000000000000_NIC_1854  |7 0  |8 X  |9 404498  |a FDOBUD  |b FDOBUD  |d 2019-11-22  |h v.3  |i 3153606  |o 201 NIC 1854  |p 3153606  |r 2019-11-22  |w 2019-11-22  |y BK_X  |k BUD